|
|
|
|
| LEADER |
00000nab a2200000 4500 |
| 001 |
vtls011842169 |
| 003 |
SK-MaSNL |
| 005 |
20260303095347.0 |
| 008 |
190221c2019 xo zr|p || ||00 c0ukr |
| 015 |
|
|
|a SNBRB2019/02
|
| 038 |
|
|
|a SVKPOCL
|
| 040 |
|
|
|a SVKPOCL
|b slo
|c SVKPOCL
|e rda
|
| 041 |
0 |
|
|a ukr
|
| 044 |
|
|
|a xo
|c SK
|
| 072 |
|
7 |
|a 821.161
|x Východoslovanské literatúry
|2 konspekt
|
| 080 |
|
|
|a 821.161.2-1
|2 2011
|
| 080 |
|
|
|a 783.65:82
|2 2011
|
| 100 |
1 |
|
|a Boršoš-Kum'jats'kyj, Julij Vasyljovyč,
|d 1905-1978
|4 aut
|9 1108768
|
| 245 |
1 |
0 |
|a Tychyj večir
|b (koljadka, viľnyj perespiv)
|c Julij Boršoš-Kum'jats'kyj
|
| 336 |
|
|
|a text
|b txt
|2 rdacontent
|
| 337 |
|
|
|a bez média
|b n
|2 rdamedia
|
| 338 |
|
|
|a zväzok
|b nc
|2 rdacarrier
|
| 500 |
|
|
|a V rubrike Čy znajete vy ščo-
|
| 500 |
|
|
|a Doplňujúce údaje sú prevzaté z esu.com.ua
|
| 500 |
|
|
|a Boršoš-Kum'jats'kyj, Julij pozri Boršoš-Kum'jats'kyj, Julij Vasyljovyč
|
| 650 |
0 |
7 |
|a ukrajinská poézia
|2 SNKPH
|9 59029
|
| 650 |
0 |
7 |
|a ukrajinská literatúra
|2 SNKPH
|9 1218
|
| 650 |
0 |
7 |
|a ukrajinské básne
|2 svkpocl
|9 857154
|
| 650 |
0 |
7 |
|a koledy
|2 SNKPH
|9 3441
|
| 773 |
0 |
|
|t Veselka
|g Roč. 67, č. 5 (2018/2019), s. 3
|
| 852 |
|
|
|a SVKPO
|b KIS3GCP
|
| 856 |
4 |
2 |
|u http://esu.com.ua/search_articles.php?id=37381
|
| 958 |
|
|
|a SS
|
| 958 |
|
|
|a UA
|
| 958 |
|
|
|a LX
|
| 999 |
|
|
|c 1824821
|d 1826751
|